000 00829cam a22002893a 4500
001 21435
003 PGUSA
005 20140828083445.0
008 070518s2007||||xxu|||||s|||||000 1 eng d
040 _aPGUSA
_beng
042 _adc
050 4 _aPR
100 1 _aConrad, Joseph,
_d1857-1924
245 1 0 _aLord Jim
_h[electronic resource] /
_cJoseph Conrad
260 _bProject Gutenberg,
_c2007
506 _aPublic domain in the USA.
516 _aElectronic text
653 _aBritish -- Indonesia -- Fiction
653 _aMerchant marine -- Officers -- Fiction
653 _aPsychological fiction
653 _aIndonesia -- Fiction
653 _aCowardice -- Fiction
653 _aAtonement -- Fiction
830 0 _aProject Gutenberg
_v21435
856 4 0 _uhttp://www.gutenberg.org/ebooks/21435
942 _cEB
999 _c250690
_d250690